00389 a2200133 4500003000500000005001700005040000900022082001200031100001900043245004200062260004000104300001300144505009800157Nust20230202094454.0 cNust a940,AGA aAgar, Herbert  aA time for greatness / cHerbert Agar aLondonbEyre and spottiswoodec1945 a160pages aTo See The Challenge And To Meet It (Page-1), What Must We Discard, What Conserve? (Page-99).